[Event "Aragon-chT Preferente Gr II"]
[Site "Aragon"]
[Date "2023.01.28"]
[Round "1.68"]
[White "Manzanares Uson, Alejandro"]
[Black "Abenia Porroche, Roberto"]
[Result "0-1"]
[WhiteElo "1567"]
[BlackElo "1699"]
[PlyCount "80"]
[EventDate "2023.01.28"]
[EventType "team-tourn"]
[EventRounds "9"]
[EventCountry "ESP"]
[SourceTitle "EXT 2024"]
[Source "ChessBase"]
[SourceDate "2023.10.10"]
[SourceVersion "1"]
[SourceVersionDate "2023.10.10"]
[SourceQuality "1"]
[WhiteTeam "Actur Rey Fernando"]
[BlackTeam "Dr Azua"]
[WhiteTeamCountry "ESP"]
[BlackTeamCountry "ESP"]

1. b4 e5 2. Bb2 d6 3. e3 Nf6 4. c4 g6 5. g3 Bg7 6. Bg2 a5 7. b5 0-0 8. Ne2 Re8 9. 0-0 Nbd7 10. Nbc3 Rb8 11. d4 b6 12. Re1 Qe7 13. Nd5 Nxd5 14. Bxd5 Nf6 15. Bg2 Bd7 16. Nc3 Rbd8 17. Nd5 Nxd5 18. Bxd5 Be6 19. Bxe6 Qxe6 20. d5 Qh3 21. e4 f5 22. Qf3 Rf8 23. Qg2 Qh6 24. Rad1 g5 25. Rd3 g4 26. Bc1 Qg6 27. f3 h5 28. Rd2 fxe4 29. fxe4 Rf3 30. Rf2 Rdf8 31. Rxf3 Rxf3 32. Rf1 Qxe4 33. Rxf3 gxf3 34. Qf1 Qd4+ 35. Qf2 Qxc4 36. Qxf3 Qxc1+ 37. Kg2 Qd2+ 38. Kh3 Qxa2 39. Qxh5 Qd2 40. Qe8+ Kh7 0-1

[Event "Aragon-chT Preferente Gr I"]
[Site "Aragon"]
[Date "2022.02.12"]
[Round "3.39"]
[White "Abenia Porroche, Roberto"]
[Black "Matamoros Villarreal, Antonio"]
[Result "1/2-1/2"]
[WhiteElo "1670"]
[BlackElo "1883"]
[PlyCount "48"]
[EventDate "2022.01.29"]
[EventType "team-tourn"]
[EventRounds "9"]
[EventCountry "ESP"]
[SourceTitle "EXT 2024"]
[Source "ChessBase"]
[SourceDate "2023.10.10"]
[SourceVersion "1"]
[SourceVersionDate "2023.10.10"]
[SourceQuality "1"]
[WhiteTeam "Dr Azua"]
[BlackTeam "Las Fuentes"]
[WhiteTeamCountry "ESP"]
[BlackTeamCountry "ESP"]

1. d4 Nf6 2. Nf3 b6 3. Bg5 Ne4 4. Bh4 Bb7 5. Nbd2 g6 6. e3 Bg7 7. Nxe4 Bxe4 8. Bd3 Bxd3 9. Qxd3 d5 10. 0-0 0-0 11. Rac1 Nd7 12. c4 dxc4 13. Rxc4 Re8 14. Rc6 Nb8 15. Rc2 a5 16. Qc4 Na6 17. a3 c5 18. d5 Qd7 19. Rd2 b5 20. Qf4 Qd6 21. Qxd6 exd6 22. Bg3 Rad8 23. Re1 f5 24. Ng5 Be5 1/2-1/2

[Event "Aragon-chT Preferente Gr I"]
[Site "Aragon"]
[Date "2022.02.05"]
[Round "2.48"]
[White "Abenia Porroche, Roberto"]
[Black "Martinez Ramis, Rafael"]
[Result "1-0"]
[WhiteElo "1670"]
[BlackElo "1362"]
[PlyCount "73"]
[EventDate "2022.01.29"]
[EventType "team-tourn"]
[EventRounds "9"]
[EventCountry "ESP"]
[SourceTitle "EXT 2024"]
[Source "ChessBase"]
[SourceDate "2023.10.10"]
[SourceVersion "1"]
[SourceVersionDate "2023.10.10"]
[SourceQuality "1"]
[WhiteTeam "Dr Azua"]
[BlackTeam "Casablanca MyInvestor II"]
[WhiteTeamCountry "ESP"]
[BlackTeamCountry "ESP"]

1. Nf3 c5 2. g3 Nc6 3. c4 Nf6 4. Nc3 g6 5. Bg2 Bg7 6. 0-0 Rb8 7. d4 cxd4 8. Nxd4 0-0 9. Bf4 d6 10. Bxc6 e5 11. Bg2 exf4 12. Ndb5 fxg3 13. hxg3 Qb6 14. Qxd6 Qxd6 15. Nxd6 Nd7 16. Rac1 b6 17. b3 Ba6 18. Bh3 f5 19. Bg2 h6 20. Nd5 Bf6 21. Nb4 Bb2 22. Rc2 Ba3 23. Nxa6 Bxd6 24. Rd2 Nc5 25. Nxb8 Bxb8 26. b4 Na6 27. a3 Re8 28. e3 Nc7 29. Rd7 Kh8 30. Rfd1 Ne6 31. Bd5 Ng5 32. Kg2 Nh7 33. Bf7 Re4 34. Bxg6 Ng5 35. Rd8+ Kg7 36. Bxf5 Rxc4 37. Rxb8 1-0

[Event "Zaragoza Province-ch Primera"]
[Site "Zaragoza"]
[Date "2015.11.08"]
[Round "6"]
[White "Argueso Palomino, Manuel"]
[Black "Abenia Porroche, Roberto"]
[Result "1/2-1/2"]
[WhiteElo "1709"]
[BlackElo "1634"]
[PlyCount "123"]
[EventDate "2015.09.27"]
[EventType "swiss"]
[EventRounds "6"]
[EventCountry "ESP"]
[SourceTitle "CBM 170 Extra"]
[Source "ChessBase"]
[SourceDate "2016.02.25"]
[SourceVersion "1"]
[SourceVersionDate "2016.02.25"]
[SourceQuality "1"]

1. d4 d5 2. Nf3 Nf6 3. Bf4 g6 4. e3 Bg7 5. Bd3 Nbd7 6. Nbd2 Nh5 7. Bg5 c5 8. c3 Qb6 9. Rb1 e5 10. dxe5 Nxe5 11. Nxe5 Bxe5 12. Qf3 Be6 13. 0-0 0-0 14. g4 Ng7 15. Qh3 f5 16. gxf5 Nxf5 17. Qg2 Bg7 18. e4 dxe4 19. Bxe4 Bxa2 20. Bd5+ Bxd5 21. Qxd5+ Kh8 22. Nc4 Qc7 23. Rfe1 Rae8 24. h4 h6 25. Be3 Nxh4 26. Nd2 b6 27. Ra1 Qf7 28. Qh1 Nf5 29. Qf3 Nxe3 30. Qxf7 Rxf7 31. fxe3 a5 32. Nc4 Re6 33. Rad1 Bf6 34. Rd6 Rxd6 35. Nxd6 Rd7 36. Nc4 Bd8 37. e4 Bc7 38. e5 b5 39. e6 Re7 40. Na3 b4 41. Nb5 Bb8 42. cxb4 axb4 43. Kf2 Kg7 44. Kf3 Kf6 45. Rc1 Rxe6 46. Rxc5 Be5 47. b3 Bd6 48. Rd5 Bh2 49. Nd4 Rd6 50. Ke4 Rxd5 51. Kxd5 Bg3 52. Nc2 h5 53. Nxb4 h4 54. Ke4 h3 55. Kf3 h2 56. Kg2 g5 57. Nd5+ Ke5 58. Ne3 Bf4 59. Ng4+ Kd4 60. Nxh2 Kc3 61. Nf3 g4 62. Nh2 1/2-1/2

[Event "Zaragoza Province-ch Primera"]
[Site "Zaragoza"]
[Date "2015.10.25"]
[Round "4"]
[White "Cortes Sobrevilla, Cecilio"]
[Black "Abenia Porroche, Roberto"]
[Result "1-0"]
[WhiteElo "1664"]
[BlackElo "1634"]
[PlyCount "75"]
[EventDate "2015.09.27"]
[EventType "swiss"]
[EventRounds "6"]
[EventCountry "ESP"]
[SourceTitle "CBM 170 Extra"]
[Source "ChessBase"]
[SourceDate "2016.02.25"]
[SourceVersion "1"]
[SourceVersionDate "2016.02.25"]
[SourceQuality "1"]

1. d4 Nf6 2. e3 d5 3. Bd3 g6 4. Nf3 c5 5. b3 cxd4 6. exd4 Bg7 7. 0-0 Nc6 8. a3 0-0 9. Bb2 Qc7 10. Nbd2 Re8 11. Re1 Nd7 12. c4 dxc4 13. Bxc4 Nb6 14. Qc2 Qd6 15. Ne4 Qd8 16. Rad1 Bf5 17. Qe2 Rc8 18. Neg5 Nxc4 19. bxc4 b6 20. d5 Na5 21. Bxg7 Kxg7 22. Nd2 Qd6 23. g4 Qf4 24. Qe5+ Qxe5 25. Rxe5 Bxg4 26. Rde1 f6 27. Ne6+ Bxe6 28. Rxe6 Kf7 29. R1e4 Nb7 30. Rd4 Nd6 31. a4 Rc5 32. Ne4 Rxc4 33. Nxd6+ exd6 34. Rxc4 Rxe6 35. dxe6+ Kxe6 36. Rc7 a6 37. Rc6 b5 38. a5 1-0